| 000 | 02422 a2200349 4500 | ||
|---|---|---|---|
| 003 | Nust | ||
| 005 | 20220901122019.0 | ||
| 020 | _a9780471743699 | ||
| 020 | _a9780471743699 | ||
| 024 | 7 | _a10.1002/0471743690 | |
| 035 | _a(OCoLC)61762000 | ||
| 040 | _cNust | ||
| 082 | 0 | 4 | _a621.38411,JOH |
| 100 | 1 |
_aSeybold, John S., _998748 |
|
| 245 | 1 | 0 |
_aIntroduction to RF propagation / _cJohn S. Seybold. |
| 260 |
_aHoboken, N.J. : _bWiley-Interscience, _cc2005. |
||
| 300 |
_a1 online resource (xv, 330 p.) : _bill., maps. |
||
| 505 | 0 | _aIntroduction (Page-10, Electromagnetics and RF Propagation (Page-14), Antenna Fundamentals (Page-38), Communication Systems and the Link Budget (Page-66), Radar Systems (Page-87), Atmospheric Effects (Page-111), Near-Earth Propagation Models (Page-137), Fading and Multipath Characterization (Page-163), Indoor Propagation Modeling (Page-208), Rain Attenuation of Microwave and Millimeter Wave Signals (Page-218), Satellite Communications (Page-246), RF Safety (Page-283). | |
| 650 | 0 | _aAntennas (Electronics) | |
| 650 | 0 |
_aRadio wave propagation _998196 |
|
| 650 | 0 |
_aRadio wave propagation _xMathematical models _998749 |
|
| 650 | 0 |
_aSyst�mes de communication sans fil. _998750 |
|
| 650 | 0 |
_aTECHNOLOGY & ENGINEERING _xMobile & Wireless Communications. _998751 |
|
| 650 | 0 |
_aTECHNOLOGY & ENGINEERING _xRadio. _998752 |
|
| 655 | 4 | _aElectronic books. | |
| 655 | 4 |
_aElectronic books. _998753 |
|
| 856 | 4 | 2 |
_3John Wiley _uhttp://dx.doi.org/10.1002/0471743690 |
| 856 | 4 | 2 | _uhttp://link.sub.su.se/sfxsub?url_ver=Z39.88-2004&ctx_ver=Z39.88-2004&ctx_enc=info:ofi/enc:UTF-8&rfr_id=info:sid/sfxit.com:opac_856&url_ctx_fmt=info:ofi/fmt:kev:mtx:ctx&sfx.ignore_date_threshold=1&rft.object_id=1000000000355509&svc_val_fmt=info:ofi/fmt:kev:mtx:sch_svc& |
| 856 | 4 | 2 | _uhttp://sfxeu10.hosted.exlibrisgroup.com/sfxkth?url_ver=Z39.88-2004&ctx_ver=Z39.88-2004&ctx_enc=info:ofi/enc:UTF-8&rfr_id=info:sid/sfxit.com:opac_856&url_ctx_fmt=info:ofi/fmt:kev:mtx:ctx&sfx.ignore_date_threshold=1&rft.object_id=1000000000355509&svc_val_fmt=info:ofi/fmt:kev:mtx:sch_svc& |
| 856 | 4 | 2 | _uhttp://sfxeu11.hosted.exlibrisgroup.com/sfxmiu/?url_ver=Z39.88-2004&ctx_ver=Z39.88-2004&ctx_enc=info:ofi/enc:UTF-8&rfr_id=info:sid/sfxit.com:opac_856&url_ctx_fmt=info:ofi/fmt:kev:mtx:ctx&sfx.ignore_date_threshold=1&rft.object_id=1000000000355509&svc_val_fmt=info:ofi/fmt:kev:mtx:sch_svc& |
| 942 |
_2ddc _cREF |
||
| 999 |
_c215412 _d215412 |
||